[Event "Hessenliga 1921"]
[Site "Hessen"]
[Date "2021.09.04"]
[Round "8.5"]
[White "Dahlheimer, Bernd"]
[Black "Roeschlau, Bernd"]
[Result "0-1"]
[WhiteElo "2224"]
[BlackElo "2222"]
[PlyCount "100"]
[EventDate "2019.09.22"]
[EventType "team-tourn"]
[EventRounds "9"]
[EventCountry "GER"]
[SourceTitle "EXT 2024"]
[Source "ChessBase"]
[SourceDate "2023.10.10"]
[SourceVersion "1"]
[SourceVersionDate "2023.10.10"]
[SourceQuality "1"]
[WhiteTeam "Dettingen"]
[BlackTeam "Frankfurt Bvk"]
[WhiteTeamCountry "GER"]
[BlackTeamCountry "GER"]

1. Nf3 d5 2. d4 c5 3. c4 Nf6 4. cxd5 cxd4 5. Nxd4 Nxd5 6. Nb5 Qa5+ 7. N1c3 Nxc3 8. Nxc3 Nc6 9. e4 Bd7 10. Bd2 Qd8 11. Be3 g6 12. Be2 Bg7 13. Rc1 0-0 14. 0-0 Be6 15. Nd5 Kh8 16. Qd2 Qd6 17. Bc5 Qe5 18. f4 Qb8 19. Nxe7 Rd8 20. Nd5 f5 21. Bf3 b6 22. Ba3 fxe4 23. Bxe4 Bxd5 24. Bxd5 Nd4 25. Bxa8 Nf3+ 26. Bxf3 Rxd2 27. Bg4 Bd4+ 28. Kh1 Qb7 29. Bf3 Qd7 30. Rfd1 Bc5 31. b4 Be7 32. Bb2+ Kg8 33. a3 Qd3 34. Be5 Rxd1+ 35. Rxd1 Qxa3 36. b5 Qa4 37. Bd5+ Kf8 38. Rb1 Qc2 39. Ra1 Qe2 40. Bc6 Bc5 41. g3 g5 42. Bb8 Bd4 43. Rb1 a5 44. fxg5 Ke7 45. h4 a4 46. Bd5 a3 47. Bf4 a2 48. Bxa2 Qxa2 49. Rc1 Ke6 50. Rd1 Kf5 0-1

[Event "Hessenliga 1819"]
[Site "Hessen"]
[Date "2018.09.23"]
[Round "1.7"]
[White "Dahlheimer, Bernd"]
[Black "Artola Pola, Gerardo"]
[Result "0-1"]
[WhiteElo "2224"]
[BlackElo "1973"]
[PlyCount "60"]
[EventDate "2018.09.23"]
[EventType "team-tourn"]
[EventRounds "9"]
[EventCountry "GER"]
[SourceTitle "EXT 2020"]
[Source "ChessBase"]
[SourceDate "2019.10.17"]
[SourceVersion "1"]
[SourceVersionDate "2019.10.17"]
[SourceQuality "1"]
[WhiteTeam "Dettingen"]
[BlackTeam "Frankfurt TV"]
[WhiteTeamCountry "GER"]
[BlackTeamCountry "GER"]

1. Nf3 Nf6 2. c4 g6 3. Nc3 d5 4. Qa4+ Nc6 5. Nd4 Qd7 6. cxd5 Nxd5 7. Nxd5 Qxd5 8. Nxc6 bxc6 9. e4 Qd6 10. b3 Bg7 11. Ba3 Qe6 12. Rc1 Bd7 13. f3 0-0 14. Be2 Rfd8 15. 0-0 Be8 16. Rc2 Bd4+ 17. Kh1 a5 18. Rd1 Qe5 19. Qc4 a4 20. b4 Rab8 21. Rb1 Rb5 22. Bc1 c5 23. a3 Rdb8 24. d3 cxb4 25. Rxb4 c5 26. Rxb5 Bxb5 27. Qa2 Bd7 28. g3 Be6 29. Bf4 Qf6 30. Rc4 Rb2 0-1

[Event "Hessenliga 1718"]
[Site "Hessen"]
[Date "2018.03.11"]
[Round "8.5"]
[White "Dahlheimer, Bernd"]
[Black "Meffert, Matthias"]
[Result "1/2-1/2"]
[WhiteElo "2224"]
[BlackElo "2076"]
[PlyCount "49"]
[EventDate "2017.09.17"]
[EventType "team-tourn"]
[EventRounds "9"]
[EventCountry "GER"]
[SourceTitle "CBM 189 Extra"]
[Source "ChessBase"]
[SourceDate "2019.05.31"]
[SourceVersion "1"]
[SourceVersionDate "2019.05.31"]
[SourceQuality "1"]
[WhiteTeam "Dettingen"]
[BlackTeam "Niederbrechen"]
[WhiteTeamCountry "GER"]
[BlackTeamCountry "GER"]

1. Nf3 c5 2. c4 Nc6 3. d4 cxd4 4. Nxd4 Qb6 5. Nc2 e6 6. Nc3 Nf6 7. e3 Be7 8. Be2 0-0 9. 0-0 Rd8 10. e4 d6 11. Rb1 a6 12. Be3 Qc7 13. Qd2 Ne5 14. b3 Bd7 15. Rfc1 Bc6 16. f3 d5 17. exd5 exd5 18. cxd5 Nxd5 19. Nxd5 Rxd5 20. Qe1 Rad8 21. Nb4 Bxb4 22. Qxb4 Nd3 23. Bxd3 Rxd3 24. Bb6 Qd6 25. Qxd6 1/2-1/2

[Event "Hessenliga 1718"]
[Site "Hessen"]
[Date "2017.11.19"]
[Round "3.5"]
[White "Dahlheimer, Bernd"]
[Black "Burkhardt, Holger"]
[Result "1-0"]
[WhiteElo "2224"]
[BlackElo "2064"]
[PlyCount "51"]
[EventDate "2017.09.17"]
[EventType "team-tourn"]
[EventRounds "9"]
[EventCountry "GER"]
[SourceTitle "CBM 189 Extra"]
[Source "ChessBase"]
[SourceDate "2019.05.31"]
[SourceVersion "1"]
[SourceVersionDate "2019.05.31"]
[SourceQuality "1"]
[WhiteTeam "Dettingen"]
[BlackTeam "Giessen"]
[WhiteTeamCountry "GER"]
[BlackTeamCountry "GER"]

1. Nf3 d6 2. d4 Nf6 3. c4 Nbd7 4. Nc3 e5 5. e4 Be7 6. Be2 0-0 7. 0-0 c6 8. Re1 a6 9. Qc2 b5 10. d5 cxd5 11. cxd5 Bb7 12. b4 Qb8 13. a4 bxa4 14. Nxa4 Rc8 15. Qb1 Bd8 16. Bd2 Nb6 17. Nb2 Ne8 18. Ng5 Nc7 19. Bg4 Nb5 20. Bxc8 Bxc8 21. Nf3 Bd7 22. Be3 Bg4 23. Nd2 Qc8 24. f3 Bd7 25. Rc1 Nc3 26. Qd3 1-0

[Event "Hessenliga 1617"]
[Site "Hessen"]
[Date "2016.09.18"]
[Round "1.3"]
[White "Dahlheimer, Bernd"]
[Black "Garzinsky, Dominik"]
[Result "1/2-1/2"]
[WhiteElo "2224"]
[BlackElo "2058"]
[PlyCount "141"]
[EventDate "2016.09.18"]
[EventType "team-tourn"]
[EventRounds "9"]
[EventCountry "GER"]
[SourceTitle "EXT 2018"]
[Source "ChessBase"]
[SourceDate "2017.10.13"]
[SourceVersion "1"]
[SourceVersionDate "2017.10.13"]
[SourceQuality "1"]
[WhiteTeam "Dettingen"]
[BlackTeam "Niederbrechen"]
[WhiteTeamCountry "GER"]
[BlackTeamCountry "GER"]

1. Nf3 g6 2. d4 Bg7 3. c4 d6 4. Nc3 a6 5. e4 Nc6 6. d5 Ne5 7. Nxe5 Bxe5 8. Bd3 c6 9. 0-0 Nf6 10. Ne2 Nd7 11. Rb1 Bg7 12. f4 Qb6+ 13. Kh1 Rb8 14. b4 Nf6 15. h3 cxd5 16. cxd5 0-0 17. a4 Bd7 18. a5 Qa7 19. Rf3 b5 20. Bb2 e6 21. dxe6 Bxe6 22. Nd4 Bd7 23. Nc2 Bc6 24. Re3 Rfe8 25. Qe2 Nh5 26. Bxg7 Kxg7 27. Qf3 Qa8 28. Rbe1 Rbc8 29. Nd4 Nf6 30. Nxc6 Qxc6 31. Kh2 Qc7 32. Kh1 Qa7 33. Kh2 Qd4 34. e5 dxe5 35. fxe5 Nd5 36. Re4 Qc3 37. Rf1 Rc7 38. e6 f5 39. Rh4 Qe5+ 40. Kh1 Rxe6 41. Re4 Qd6 42. Rd4 Rd7 43. Rd1 Re5 44. Bb1 Rde7 45. Qf2 Qc6 46. Qd2 Re2 47. Qg5 Re1+ 48. Kh2 Qc7+ 49. Qg3 Qxg3+ 50. Kxg3 R7e3+ 51. Kf2 R1e2+ 52. Kf1 Nc3 53. Rc1 Rb2 54. Bd3 Ne4 55. Rc7+ Kh6 56. Bxe4 fxe4 57. Rdd7 Ree2 58. Rxh7+ Kg5 59. Rc5+ Kf4 60. Rf7+ Ke3 61. Rc1 Rf2+ 62. Rxf2 Rxf2+ 63. Kg1 Rb2 64. Rc6 g5 65. Rxa6 Rxb4 66. Rb6 Rb1+ 67. Kh2 Kd4 68. a6 Kc5 69. Rg6 Ra1 70. Rxg5+ Kc4 71. Re5 1/2-1/2

[Event "Hessenliga 1415"]
[Site "Hessen"]
[Date "2015.04.19"]
[Round "9.7"]
[White "Dahlheimer, Bernd"]
[Black "Mueller, Horst"]
[Result "1/2-1/2"]
[WhiteElo "2224"]
[BlackElo "2165"]
[PlyCount "93"]
[EventDate "2014.09.28"]
[EventType "team-tourn"]
[EventRounds "9"]
[EventCountry "GER"]
[SourceTitle "EXT 2016"]
[Source "ChessBase"]
[SourceDate "2015.10.08"]
[SourceVersion "1"]
[SourceVersionDate "2015.10.08"]
[SourceQuality "1"]
[WhiteTeam "Dettingen"]
[BlackTeam "Offenbach"]
[WhiteTeamCountry "GER"]
[BlackTeamCountry "GER"]

1. Nf3 c5 2. c4 Nf6 3. Nc3 e6 4. g3 Be7 5. Bg2 0-0 6. 0-0 Nc6 7. d4 cxd4 8. Nxd4 a6 9. b3 Qb6 10. e3 d6 11. Bb2 Bd7 12. Qd2 Rac8 13. Rfd1 e5 14. Nde2 Rfd8 15. Rac1 Be6 16. Na4 Qa7 17. Nac3 Bf5 18. h3 h6 19. Kh2 Nb8 20. g4 Be6 21. Nd5 Bxd5 22. cxd5 Nbd7 23. Ng3 g6 24. f4 Qb8 25. Rxc8 Rxc8 26. Rc1 Rxc1 27. Qxc1 Qd8 28. Qc3 Bf8 29. a4 Bg7 30. f5 a5 31. Ba3 Bf8 32. Qd3 g5 33. Qb5 Qc7 34. e4 Be7 35. Qd3 Nc5 36. Qb5 Nfd7 37. Bf1 Kg7 38. Bc4 Bd8 39. Kg2 Qb6 40. Nh5+ Kf8 41. Qxb6 Bxb6 42. Kf3 Ke7 43. Ng3 Nf6 44. Bxc5 Bxc5 45. Bb5 Bb4 46. Nf1 b6 47. Ke3 1/2-1/2

[Event "Hessenliga 1415"]
[Site "Hessen"]
[Date "2015.02.08"]
[Round "6.6"]
[White "Dahlheimer, Bernd"]
[Black "Muth, Matthias Potisarath"]
[Result "1-0"]
[WhiteElo "2224"]
[BlackElo "2040"]
[PlyCount "81"]
[EventDate "2014.09.28"]
[EventType "team-tourn"]
[EventRounds "9"]
[EventCountry "GER"]
[SourceTitle "EXT 2016"]
[Source "ChessBase"]
[SourceDate "2015.10.08"]
[SourceVersion "1"]
[SourceVersionDate "2015.10.08"]
[SourceQuality "1"]
[WhiteTeam "Dettingen"]
[BlackTeam "Gelnhausen"]
[WhiteTeamCountry "GER"]
[BlackTeamCountry "GER"]

1. Nf3 d5 2. c4 c6 3. b3 Nf6 4. Bb2 Bf5 5. d3 e6 6. Nh4 dxc4 7. Nxf5 Qa5+ 8. Bc3 Qxf5 9. e4 Qg6 10. bxc4 Nbd7 11. Nd2 Nc5 12. f3 Nxd3+ 13. Bxd3 Qxg2 14. Rf1 Qxh2 15. Qe2 Qg3+ 16. Qf2 Qd6 17. Bc2 Qc7 18. 0-0-0 Ba3+ 19. Kb1 b5 20. Rg1 Bf8 21. f4 a5 22. Ka1 h5 23. Qh2 Rh6 24. Be5 Qb6 25. Nf3 Ng4 26. Qd2 Qd8 27. Qxd8+ Rxd8 28. Rxd8+ Kxd8 29. cxb5 cxb5 30. Bd4 Kc7 31. Bd3 b4 32. Kb2 Nf6 33. Ne5 h4 34. Nxf7 Rh5 35. Be2 Rh7 36. Ng5 Rh8 37. Nxe6+ Kd6 38. Nxf8 Nxe4 39. Bxg7 Rg8 40. Be5+ Kd5 41. Rxg8 1-0

[Event "Hessenliga 1112"]
[Site "Germany"]
[Date "2011.11.06"]
[Round "3.4"]
[White "Dahlheimer, Bernd"]
[Black "Duncker, Joachim"]
[Result "1/2-1/2"]
[WhiteElo "2224"]
[BlackElo "2271"]
[PlyCount "196"]
[EventDate "2011.09.25"]
[EventType "team-tourn"]
[EventRounds "9"]
[EventCountry "GER"]
[SourceTitle "EXT 2013"]
[Source "ChessBase"]
[SourceDate "2012.11.22"]
[SourceVersion "1"]
[SourceVersionDate "2012.11.22"]
[SourceQuality "1"]
[WhiteTeam "Dettingen"]
[BlackTeam "Marburg"]
[WhiteTeamCountry "GER"]
[BlackTeamCountry "GER"]

1. Nf3 Nf6 2. c4 d6 3. d4 g6 4. Nc3 Bg7 5. e4 0-0 6. Be2 e5 7. 0-0 Nc6 8. d5 Ne7 9. Ne1 Nd7 10. Nd3 a5 11. Bd2 f5 12. f3 Kh8 13. a3 Ng8 14. b4 Nb6 15. Nf2 Bd7 16. Qc2 Rf7 17. c5 Nc8 18. Rfc1 Bf8 19. Ncd1 a4 20. Nb2 dxc5 21. bxc5 c6 22. Rd1 fxe4 23. fxe4 cxd5 24. exd5 Qh4 25. Bf3 Nce7 26. Bc3 Bg7 27. Qe4 Qg5 28. Re1 Raf8 29. Qe3 Qxe3 30. Rxe3 Nf5 31. Rxe5 Nh4 32. Re3 Nxf3+ 33. gxf3 Rxf3 34. Bxg7+ Kxg7 35. Rxf3 Rxf3 36. Nbd3 Bf5 37. Kg2 Rxd3 38. Nxd3 Bxd3 39. Kf2 Nf6 40. Ke3 Be4 41. d6 Bc6 42. Kd4 g5 43. Re1 h5 44. Re7+ Kg6 45. h3 Kf5 46. Rf7 Kg6 47. Re7 g4 48. hxg4 hxg4 49. Re3 Kf5 50. Re5+ Kf4 51. Re6 Nd7 52. Re7 Kf3 53. Rf7+ Kg2 54. Rf5 Kh3 55. Ke3 Kg3 56. Kd4 Kh4 57. Ke3 g3 58. Kf4 g2 59. Rf7 Kh5 60. Rg7 Kh6 61. Rg3 Nxc5 62. Rg8 Ne6+ 63. Kf5 Ng7+ 64. Kf6 Nh5+ 65. Kf5 Bd7+ 66. Ke5 Bc6 67. Rxg2 Ng7 68. Rg3 Ne8 69. Ke6 Nxd6 70. Kxd6 Kh5 71. Ke5 Bb5 72. Kf4 Be2 73. Re3 Bf1 74. Re1 Bd3 75. Re3 Bf1 76. Rg3 b5 77. Ke5 Kh4 78. Rg7 Kh5 79. Kd4 Kh6 80. Rg1 Bc4 81. Kc3 Kh5 82. Kb4 Kh6 83. Rg4 Be2 84. Rg2 Bc4 85. Kc5 Kh7 86. Kd4 Kh6 87. Ke5 Kh7 88. Kf6 Bb3 89. Rg7+ Kh8 90. Kg6 Bc4 91. Kh6 Bb3 92. Rb7 Kg8 93. Rxb5 Kf7 94. Re5 Kf6 95. Re1 Bc4 96. Kh5 Kf5 97. Kh4 Kf4 98. Re8 Bb3 1/2-1/2

[Event "Hessenliga 1112"]
[Site "Germany"]
[Date "2011.10.09"]
[Round "2.4"]
[White "Kaiser, Richard"]
[Black "Dahlheimer, Bernd"]
[Result "0-1"]
[WhiteElo "2175"]
[BlackElo "2224"]
[PlyCount "60"]
[EventDate "2011.09.25"]
[EventType "team-tourn"]
[EventRounds "9"]
[EventCountry "GER"]
[SourceTitle "EXT 2013"]
[Source "ChessBase"]
[SourceDate "2012.11.22"]
[SourceVersion "1"]
[SourceVersionDate "2012.11.22"]
[SourceQuality "1"]
[WhiteTeam "Bad Homburg"]
[BlackTeam "Dettingen"]
[WhiteTeamCountry "GER"]
[BlackTeamCountry "GER"]

1. e4 c5 2. Nf3 e6 3. d4 cxd4 4. Nxd4 Nc6 5. Nc3 d6 6. Be3 Nf6 7. f4 Be7 8. Qf3 0-0 9. 0-0-0 Bd7 10. g4 Nxd4 11. Rxd4 e5 12. Rd2 Nxg4 13. Rg1 Nxe3 14. Qxe3 exf4 15. Qxf4 g6 16. Nd5 Bc6 17. Bc4 Kg7 18. Rd3 h6 19. Kb1 Bg5 20. Qg4 b5 21. Bb3 a5 22. h4 Bxh4 23. Ne3 Bg5 24. a3 Qe7 25. Bd5 Bxe3 26. Bxc6 Bxg1 27. Bxa8 Rxa8 28. Qxg1 Qxe4 29. Rxd6 b4 30. Qc5 b3 0-1

[Event "Hessenliga 0910"]
[Site "Germany"]
[Date "2009.11.29"]
[Round "4.1"]
[White "Dahlheimer, Bernd"]
[Black "Koch, Markus"]
[Result "0-1"]
[WhiteElo "2224"]
[BlackElo "2138"]
[PlyCount "102"]
[EventDate "2009.09.20"]
[EventType "team-tourn"]
[EventRounds "9"]
[EventCountry "GER"]
[SourceTitle "EXT 2011"]
[Source "ChessBase"]
[SourceDate "2010.11.26"]
[SourceVersion "1"]
[SourceVersionDate "2010.11.26"]
[SourceQuality "1"]
[WhiteTeam "Dettingen"]
[BlackTeam "Frankfurt BvK II"]
[WhiteTeamCountry "GER"]
[BlackTeamCountry "GER"]

1. Nf3 c5 2. c4 g6 3. d4 Bg7 4. Nc3 cxd4 5. Nxd4 Nc6 6. Nc2 Nf6 7. e4 0-0 8. Be2 d6 9. 0-0 a6 10. Rb1 Rb8 11. h3 Be6 12. b3 b5 13. cxb5 axb5 14. b4 d5 15. exd5 Nxd5 16. Nxd5 Bxd5 17. Bf4 e5 18. Bg5 f6 19. Be3 Bxa2 20. Rb2 Bf7 21. Bc5 Qxd1 22. Rxd1 Rfd8 23. Rxd8+ Nxd8 24. Na3 Be8 25. Bd6 Rb7 26. Rc2 Ne6 27. Rc8 Kf7 28. Ra8 Nd4 29. Bf1 Bd7 30. g4 Bc6 31. Bg2 Nf3+ 32. Bxf3 Bxf3 33. Bc5 Bh6 34. Rd8 Be4 35. Rh8 Bg7 36. Rd8 h6 37. Kf1 f5 38. Kg1 Bc6 39. Rd6 Bd7 40. Ra6 fxg4 41. hxg4 Bxg4 42. Nc2 Bf3 43. Ne3 h5 44. Kh2 Rd7 45. Kg3 e4 46. Rb6 g5 47. Rxb5 Bf6 48. Rb6 Rd2 49. Nc4 h4+ 50. Kh3 g4+ 51. Kh2 Rd1 0-1

[Event "Hessenliga 0910"]
[Site "Germany"]
[Date "2009.10.04"]
[Round "2.1"]
[White "Khenkin, Igor"]
[Black "Dahlheimer, Bernd"]
[Result "1-0"]
[WhiteElo "2634"]
[BlackElo "2224"]
[PlyCount "99"]
[EventDate "2009.09.20"]
[EventType "team-tourn"]
[EventRounds "9"]
[EventCountry "GER"]
[SourceTitle "EXT 2011"]
[Source "ChessBase"]
[SourceDate "2010.11.26"]
[SourceVersion "1"]
[SourceVersionDate "2010.11.26"]
[SourceQuality "1"]
[WhiteTeam "Wiesbaden"]
[BlackTeam "Dettingen"]
[WhiteTeamCountry "GER"]
[BlackTeamCountry "GER"]

1. d4 Nf6 2. c4 g6 3. Nc3 Bg7 4. e4 d6 5. f3 0-0 6. Be3 Nc6 7. Nge2 a6 8. Qd2 Rb8 9. Rc1 Nd7 10. h4 e5 11. d5 Ne7 12. h5 f5 13. hxg6 hxg6 14. Bh6 f4 15. Bxg7 Kxg7 16. g3 g5 17. Bh3 Rh8 18. Kf2 b5 19. cxb5 axb5 20. gxf4 exf4 21. Nd4 Ne5 22. Bxc8 Qxc8 23. Ncxb5 Rxb5 24. Nxb5 Rh3 25. Nd4 Qh8 26. Rxh3 Qxh3 27. Rxc7 Kf6 28. Ke2 N7g6 29. Kd1 Nxf3 30. Nxf3 Qxf3+ 31. Qe2 Qh1+ 32. Qe1 Qh5+ 33. Kc2 Ne5 34. Qb4 Qe2+ 35. Kb3 Qd3+ 36. Rc3 Qa6 37. Qb8 g4 38. Qd8+ Kg6 39. Qe8+ Kg5 40. Qe7+ Kh5 41. Qh7+ Kg5 42. Qf5+ Kh4 43. Qxf4 Qb5+ 44. Kc2 Qe2+ 45. Qd2 Qxe4+ 46. Kb3 g3 47. a4 g2 48. Qf2+ Kh5 49. Rh3+ Kg4 50. Rh4+ 1-0

[Event "Hessenliga 0809"]
[Site "Germany"]
[Date "2009.01.25"]
[Round "6.1"]
[White "Dahlheimer, Bernd"]
[Black "Degenhardt, Horst"]
[Result "1/2-1/2"]
[WhiteElo "2197"]
[BlackElo "2288"]
[PlyCount "140"]
[EventDate "2008.09.14"]
[EventType "team-tourn"]
[EventRounds "9"]
[EventCountry "GER"]
[SourceTitle "EXT 2011"]
[Source "ChessBase"]
[SourceDate "2010.11.26"]
[SourceVersion "1"]
[SourceVersionDate "2010.11.26"]
[SourceQuality "1"]
[WhiteTeam "Dettingen"]
[BlackTeam "Lorsch"]
[WhiteTeamCountry "GER"]
[BlackTeamCountry "GER"]

1. d4 Nf6 2. c4 g6 3. Nc3 Bg7 4. e4 d6 5. Be2 0-0 6. Nf3 e5 7. 0-0 Nc6 8. d5 Ne7 9. Ne1 Nd7 10. Nd3 f5 11. Bd2 Nf6 12. f3 f4 13. c5 g5 14. cxd6 cxd6 15. Nf2 Ng6 16. Qc2 Rf7 17. Rfc1 Ne8 18. a4 Bf8 19. a5 h5 20. h3 Nh4 21. Qd1 Nf6 22. Ra3 Rg7 23. Be1 Kh7 24. Nb5 a6 25. Nc3 b5 26. axb6 Qxb6 27. Na4 Qa7 28. Ba5 Rb8 29. Nb6 Bd7 30. Nxd7 Rxd7 31. Be1 Rxb2 32. Kf1 Rdb7 33. Nd3 R2b5 34. Bf2 Qb8 35. Rxa6 Ng6 36. Qa4 Rb1 37. Rac6 Be7 38. Be1 Rxc1 39. Rxc1 Ra7 40. Qc4 Bd8 41. Qc8 Qxc8 42. Rxc8 Bc7 43. Bf2 Ne7 44. Rh8+ Kxh8 45. Bxa7 Nc8 46. Bf2 Bb6 47. Be1 Nd7 48. Nb4 Bc5 49. Bb5 Ncb6 50. Nd3 Ba3 51. Ba5 Kg7 52. Ke2 Kf7 53. Kd2 Ke7 54. Kc3 Nc8 55. Bxd7 Kxd7 56. Kb3 Bc5 57. Nxc5+ dxc5 58. Kc4 Nd6+ 59. Kxc5 g4 60. hxg4 hxg4 61. Bc3 gxf3 62. gxf3 Nf7 63. d6 Ke6 64. d7 Kxd7 65. Kd5 Ng5 66. Kxe5 Nxf3+ 67. Kxf4 Nh4 68. Kg5 Ng2 69. Kf6 Ne3 70. Kf7 Nc4 1/2-1/2

[Event "Hessenliga 0809"]
[Site "Germany"]
[Date "2008.09.28"]
[Round "2.3"]
[White "Dahlheimer, Bernd"]
[Black "Dorst, Johannes"]
[Result "1-0"]
[WhiteElo "2197"]
[BlackElo "2198"]
[PlyCount "45"]
[EventDate "2008.09.14"]
[EventType "team-tourn"]
[EventRounds "9"]
[EventCountry "GER"]
[SourceTitle "EXT 2011"]
[Source "ChessBase"]
[SourceDate "2010.11.26"]
[SourceVersion "1"]
[SourceVersionDate "2010.11.26"]
[SourceQuality "1"]
[WhiteTeam "Dettingen"]
[BlackTeam "Marburg"]
[WhiteTeamCountry "GER"]
[BlackTeamCountry "GER"]

1. Nf3 d6 2. d4 Bg4 3. e4 Nd7 4. h3 Bxf3 5. Qxf3 e5 6. d5 Ngf6 7. c4 c6 8. Nc3 cxd5 9. cxd5 Rc8 10. g4 h6 11. h4 Be7 12. g5 Ng8 13. g6 fxg6 14. Qg4 Nf8 15. h5 gxh5 16. Qxg7 Bf6 17. Bb5+ Nd7 18. Qg6+ Ke7 19. Qxh5 Rxc3 20. bxc3 Qa5 21. Bxd7 Qxc3+ 22. Bd2 Qxa1+ 23. Ke2 1-0

[Event "Hessenliga 0708"]
[Site "Germany"]
[Date "2007.12.16"]
[Round "4.3"]
[White "Dahlheimer, Bernd"]
[Black "Chernysh, Andrey"]
[Result "1-0"]
[WhiteElo "2204"]
[BlackElo "2208"]
[PlyCount "115"]
[EventDate "2007.09.30"]
[EventType "team-tourn"]
[EventRounds "9"]
[EventCountry "GER"]
[SourceTitle "EXT 2009"]
[Source "ChessBase"]
[SourceDate "2008.11.26"]
[SourceVersion "1"]
[SourceVersionDate "2008.11.26"]
[SourceQuality "1"]
[WhiteTeam "Dettingen"]
[BlackTeam "Baunatal"]
[WhiteTeamCountry "GER"]
[BlackTeamCountry "GER"]

1. d4 d5 2. c4 c6 3. Nf3 Nf6 4. cxd5 cxd5 5. Nc3 a6 6. Bf4 Nc6 7. e3 Bg4 8. h3 Bxf3 9. Qxf3 Ne4 10. Bd3 Qa5 11. Bxe4 dxe4 12. Qxe4 g5 13. Bg3 f5 14. Qe6 f4 15. Bh2 Rd8 16. 0-0 Rd6 17. Qc8+ Kf7 18. d5 Bg7 19. Qf5+ Rf6 20. Qxg5 f3 21. Qh5+ Kf8 22. gxf3 Rh6 23. Qf5+ Ke8 24. Kg2 Rg8 25. Bg3 Ne5 26. Rad1 Nd7 27. Qc2 Qc5 28. Rd2 Qc8 29. Ne4 Qd8 30. Rc1 Nb6 31. Qc7 Qxc7 32. Rxc7 Be5 33. Rc1 Rh5 34. d6 exd6 35. Nxd6+ Ke7 36. Rc7+ Ke6 37. Rxb7 Nd5 38. Ne4 Nxe3+ 39. fxe3 Bxg3 40. Nxg3 Rhg5 41. Kh2 Rxg3 42. Rf2 h5 43. Rh7 R3g5 44. Rh6+ Kd5 45. Rxa6 Kc4 46. Rd6 Rg1 47. Rc2+ Kb4 48. Rd4+ Ka5 49. Rd5+ Kb4 50. Rcd2 Rc1 51. R2d4+ Rc4 52. a3+ Kb3 53. Rb5+ Kc2 54. Rxc4+ Kd3 55. Rc3+ Ke2 56. f4 h4 57. Rg5 Kf3 58. Rxg8 1-0

[Event "Hessenliga 0708"]
[Site "Germany"]
[Date "2007.09.30"]
[Round "1.4"]
[White "Dahlheimer, Bernd"]
[Black "Fischer, Roger"]
[Result "1-0"]
[WhiteElo "2204"]
[BlackElo "2133"]
[PlyCount "61"]
[EventDate "2007.09.30"]
[EventType "team-tourn"]
[EventRounds "9"]
[EventCountry "GER"]
[SourceTitle "EXT 2009"]
[Source "ChessBase"]
[SourceDate "2008.11.26"]
[SourceVersion "1"]
[SourceVersionDate "2008.11.26"]
[SourceQuality "1"]
[WhiteTeam "Dettingen"]
[BlackTeam "Eppstein"]
[WhiteTeamCountry "GER"]
[BlackTeamCountry "GER"]

1. e4 d6 2. d4 Nf6 3. Nc3 g6 4. f3 c6 5. Be3 Nbd7 6. g4 h6 7. a4 a5 8. Qd2 Bg7 9. Nge2 Nb6 10. b3 d5 11. e5 Ng8 12. Ng3 e6 13. h4 Bf8 14. Nd1 Be7 15. h5 g5 16. Nb2 Nd7 17. Nd3 b6 18. f4 gxf4 19. Nxf4 Bh4 20. Qf2 Nf8 21. Bd3 Bxg3 22. Qxg3 Nh7 23. Ng6 fxg6 24. hxg6 Ra7 25. gxh7 Rhxh7 26. Bg6+ Kf8 27. Bxh7 Rxh7 28. 0-0-0 Kg7 29. g5 h5 30. g6 Rh8 31. Rdf1 1-0

[Event "Hessenliga 0607"]
[Site "Germany"]
[Date "2006.12.03"]
[Round "5.3"]
[White "Beha, Alfred"]
[Black "Dahlheimer, Bernd"]
[Result "1/2-1/2"]
[WhiteElo "2213"]
[BlackElo "2204"]
[PlyCount "41"]
[EventDate "2006.09.17"]
[EventType "team-tourn"]
[EventRounds "9"]
[EventCountry "GER"]
[SourceTitle "EXT 2008"]
[Source "ChessBase"]
[SourceDate "2007.11.25"]
[SourceVersion "1"]
[SourceVersionDate "2007.11.25"]
[SourceQuality "1"]
[WhiteTeam "Frankfurt BvK II"]
[BlackTeam "Dettingen"]
[WhiteTeamCountry "GER"]
[BlackTeamCountry "GER"]

1. Nf3 c5 2. c4 Nc6 3. d4 cxd4 4. Nxd4 g6 5. g3 Bg7 6. Nxc6 bxc6 7. Bg2 Rb8 8. 0-0 Rxb2 9. Bxb2 Bxb2 10. Nd2 Bxa1 11. Qxa1 f6 12. Qd4 Qc7 13. Qe3 Kf7 14. c5 d5 15. cxd6 exd6 16. Qf4 g5 17. Qc4+ Be6 18. Qxc6 Qxc6 19. Bxc6 Ne7 20. Be4 f5 21. Bd3 1/2-1/2

[Event "Hessenliga 0607"]
[Site "Germany"]
[Date "2006.10.29"]
[Round "3.3"]
[White "Duncker, Joachim"]
[Black "Dahlheimer, Bernd"]
[Result "0-1"]
[WhiteElo "2261"]
[BlackElo "2204"]
[PlyCount "100"]
[EventDate "2006.09.17"]
[EventType "team-tourn"]
[EventRounds "9"]
[EventCountry "GER"]
[SourceTitle "EXT 2008"]
[Source "ChessBase"]
[SourceDate "2007.11.25"]
[SourceVersion "1"]
[SourceVersionDate "2007.11.25"]
[SourceQuality "1"]
[WhiteTeam "Marburg"]
[BlackTeam "Dettingen"]
[WhiteTeamCountry "GER"]
[BlackTeamCountry "GER"]

1. d4 Nf6 2. Nf3 g6 3. g3 Bg7 4. Bg2 0-0 5. 0-0 d6 6. c4 Nbd7 7. Nc3 e5 8. e4 c6 9. h3 Re8 10. Re1 exd4 11. Nxd4 Nc5 12. Kh2 a5 13. Nc2 Be6 14. Ne3 Qb6 15. Qc2 Qb4 16. Bd2 Qb6 17. Rad1 a4 18. Bc1 Bf8 19. f4 Qa6 20. Bf1 Rad8 21. f5 Bc8 22. Bg2 Re5 23. Rd4 Rde8 24. Rf1 g5 25. Ng4 Nxg4+ 26. hxg4 f6 27. Rfd1 Rd8 28. Be3 Rde8 29. Qd2 h6 30. Rxd6 Bxd6 31. Qxd6 Nd7 32. Bd4 Qxc4 33. Bf1 Qf7 34. Kh3 Rxe4 35. Nxe4 Rxe4 36. Bc3 h5 37. Qc7 hxg4+ 38. Kg2 Re8 39. Rd4 Ne5 40. Qxf7+ Kxf7 41. Rxa4 Bxf5 42. Be2 Kg6 43. Ra7 Bc8 44. Bd1 Nc4 45. Bc2+ f5 46. Kf2 Ne3 47. Bb3 f4 48. gxf4 gxf4 49. Bd4 g3+ 50. Kf3 Kg5 0-1